| 000 | 00865nas a2200289 4500 | ||
|---|---|---|---|
| 001 | BR9902658 | ||
| 003 | BR-BrBNA | ||
| 005 | 20231205101423.0 | ||
| 007 | ta | ||
| 008 | 230509b bl.|||p| |||| 00| 00por d | ||
| 040 |
_aBR-BrBNA _bpor _cBiblioteca Nacional de Agricultura |
||
| 041 | _a(Pt) | ||
| 072 | _aF30 | ||
| 100 | 1 | _aVeronesi, J.A. | |
| 100 | 1 | _aSilva, J.C. | |
| 100 | 1 | _aCruz, C.D. | |
| 100 | 1 | _aRegazzi, A.J. | |
| 100 | 1 | _aSilva, C.H.O. | |
| 100 | 1 | _aScapim, C.A. | |
| 245 | 1 | _aAdaptabilidade e estabilidade de comportamento de vinte cultivares de milho em dez ambientes do Estado de Minas Gerais | |
| 650 | _aMilho | ||
| 650 | _aVariedade | ||
| 650 | _aMinas Gerais | ||
| 773 | 0 |
_tRevista Ceres (Brazil) _xISSN 0034-737X _g(Jan-Feb 1999), v. 46(263) p. 1-9 _wBR9902658 |
|
| 909 |
_a202311 _bLúcia _c55 _dLúcia Elande |
||
| 942 |
_2AGRIS _n0 _cANA |
||
| 999 |
_c161734 _d161734 |
||